00514nam a2200181Ia 4500003000900000008004100009040001600050080001700066100002300083245005400106260003700160300002300197490003500220650001300255650001900268650002300287650002200310IN-BaIIA211028s9999 xx 000 0 eng d cIIA Library a621.394bLAR aLardner, Dionysius 0aElectric telegraph popularisedcDionysius Lardner aLondonbWalton and Maberlyc1855 a[various pagings.] aThe museaum of science and art aArchives aNASA Thesaurus aTelecommunications aTelegraph systems